Analytical methods in the nuclear fuel cycle. : Proceedings of a symposium ... /

Bibliographic Details
Corporate Authors: Symposium on Analytical Methods in the Nuclear Fuel Cycle Vienna, International Atomic Energy Agency
Format: Conference Proceeding Book
Language:English
French
Published: Vienna : International Atomic Energy Agency, 1972.
Series:Proceedings series (International Atomic Energy Agency)
Subjects:

MARC

Tag First Indicator Second Indicator Subfields
LEADER 00000cam a2200000 4500
001 in00000093007
005 20150925085047.0
008 721205s1972 au a b 10100 eng
010 |a  72195031  
015 |a Au*** 
035 |a (OCoLC)00571049 
035 |9 AAL1580AM 
037 |c $18.00 (U.S.) 
040 |a DLC  |c DLC  |d TXA  |d UtOrBLW 
041 0 |a eng  |a fre 
049 |a TXAM  |c [1147190] 
050 0 0 |a TK9360  |b .S79 1971 
082 0 |a 621.48/335 
111 2 |a Symposium on Analytical Methods in the Nuclear Fuel Cycle  |d (1971 :  |c Vienna) 
245 1 0 |a Analytical methods in the nuclear fuel cycle. :  |b Proceedings of a symposium ... /  |c held by the International Atomic Energy Agency in Vienna, 29 Nov.-3 Dec. 1971. 
264 1 |a Vienna :  |b International Atomic Energy Agency,  |c 1972. 
300 |a 586 pages :  |b illustrations, diagrams, tables. ;  |c 24 cm. 
336 |a text  |b txt  |2 rdacontent 
337 |a unmediated  |b n  |2 rdamedia 
338 |a volume  |b nc  |2 rdacarrier 
490 1 |a Proceedings series 
500 |a "STI/PUB/291." 
500 |a English or French; abstracts in English. 
504 |a Includes bibliographical references. 
650 0 |a Reactor fuel reprocessing  |v Congresses. 
650 0 |a Radiochemistry  |x Industrial applications  |x Congresses. 
710 2 |a International Atomic Energy Agency. 
830 0 |a Proceedings series (International Atomic Energy Agency) 
999 |a MARS 
999 f f |s e8abb9ef-f887-3fdb-a1ef-49efd678c13b  |i 20259dea-5a99-38a4-a9f6-f39d623131ab  |t 0 
952 f f |p ric  |a Texas A&M University  |b Rellis Campus  |c Joint Library Facility  |d Remote Storage  |t 0  |e TK9360 .S79 1971  |h Library of Congress classification  |i unmediated -- volume  |m A14805519051 
998 f f |a TK9360 .S79 1971  |t 0  |l Remote Storage